[Event "Eliminacje Strefowe do Mistrzostw Polski Juniorow i Mlodzikow (ZP+WP) C-13"]
[Site "Lazy, Centrum Fala 1"]
[Date "1899-12-30"]
[Round "6.2"]
[White "Kuczynski, Michal"]
[Black "Wittych, Maciej"]
[Result "0-1"]
[WhiteTitle "II"]
[BlackTitle "II"]
[WhiteElo "1279"]
[BlackElo "1241"]

1. d4 d5 2. c4 e6 3. Nc3 dxc4 4. e4 Nf6 5. Bxc4 c5 6. Nf3 Be7 7. Bg5 O-O 8. dxc5
Qxd1+ 9. Rxd1 Bxc5 10. O-O h6 11. Bxf6 gxf6 12. Rd3 b6 13. Rfd1 Nc6 14. h3 e5
15. a3 Nd4 16. b4 Nxf3+ 17. Rxf3 Bd4 18. Nd5 f5 19. exf5 Bb7 20. Rg3+ Kh8 21.
Ne7 Rad8 22. Rg4 Bxf2+ 23. Kxf2 Rxd1 24. Ba2 Rd2+ 25. Ke3 Rxa2 26. f6 Rxg2 27.
Rh4 Rg3+ 28. Kd2 Rd8+ 29. Ke1 Rg1+ 30. Ke2 Rg2+ 31. Ke1 Kh7 32. Rc4 Ba6 33. Re4
Rdd2 34. Nf5 Ra2 35. Ne3 Rg1+ 36. Nf1 Rxf1# 0-1

[Event "Eliminacje Strefowe do Mistrzostw Polski Juniorow i Mlodzikow (ZP+WP) C-13"]
[Site "Lazy, Centrum Fala 1"]
[Date "1899-12-30"]
[Round "6.3"]
[White "Rosenfeld, Noe"]
[Black "Walkowski, Tobiasz"]
[Result "0-1"]
[WhiteTitle "II"]
[BlackTitle "II"]
[WhiteElo "1338"]
[BlackElo "1184"]

1. e4 e6 2. d4 d5 3. Bd3 Nf6 4. e5 Nfd7 5. c3 c5 6. Ne2 Nc6 7. Nd2 cxd4 8. cxd4
f6 9. exf6 Nxf6 10. a3 a5 11. Nf3 Bd6 12. Nc3 O-O 13. Bc2 Ne7 14. Qd3 Bd7 15.
O-O Qc7 16. Re1 Rac8 17. h3 Ne4 18. Re2 Bc6 19. Ng5 Bh2+ 20. Kf1 Qg3 21. Ncxe4
dxe4 22. Qxg3 Bxg3 23. Kg1 Bb5 24. Rxe4 Bxf2+ 25. Kh2 Rxc2 26. Nxe6 Bc6 27. Rg4
Rf7 0-1

[Event "Eliminacje Strefowe do Mistrzostw Polski Juniorow i Mlodzikow (ZP+WP) C-13"]
[Site "Lazy, Centrum Fala 1"]
[Date "1899-12-30"]
[Round "6.4"]
[White "Drzewiecki, Milosz"]
[Black "Pietras, Igor"]
[Result "1-0"]
[WhiteTitle "II"]
[BlackTitle "II"]
[WhiteElo "1210"]
[BlackElo "1312"]

1. e4 c6 2. d4 d5 3. exd5 cxd5 4. c4 Nc6 5. Nc3 Nf6 6. Be2 Bf5 7. Nf3 e6 8. O-O
Be7 9. Bf4 O-O 10. Rc1 Qb6 11. b3 Rac8 12. Bg5 Rfd8 13. Be3 Qb4 14. Bd2 Qd6 15.
Nb5 Qb8 16. Bg5 a6 17. Nc3 dxc4 18. Bxc4 Bc5 19. d5 exd5 20. Nxd5 Be7 21. Nxe7+
Nxe7 22. Qe2 Ng6 23. Qb2 Qd6 24. Rfe1 Re8 25. Red1 Qb8 26. Bxf6 gxf6 27. Qxf6
Be6 28. Ng5 Qf4 29. Qxf4 Nxf4 30. Nxe6 fxe6 31. g3 Ng6 32. Bxe6+ Rxe6 33. Rxc8+
Kg7 34. Rc7+ Kf6 35. Rxb7 h6 36. Rh7 1-0

[Event "Eliminacje Strefowe do Mistrzostw Polski Juniorow i Mlodzikow (ZP+WP) C-13"]
[Site "Lazy, Centrum Fala 1"]
[Date "1899-12-30"]
[Round "6.5"]
[White "Katny, Samuel"]
[Black "Garwacki, Kornel"]
[Result "1/2-1/2"]
[WhiteTitle "II"]
[BlackTitle "II"]
[WhiteElo "1387"]
[BlackElo "1166"]

1. e4 e5 2. Nf3 Nc6 3. Bc4 Nf6 4. d3 Bc5 5. Nc3 d6 6. Bg5 h6 7. Bh4 g5 8. Bg3 Be6
9. Bb5 Bd7 10. h3 Ne7 11. Bc4 Be6 12. Nd2 Ng6 13. Qe2 c6 14. Bb3 Qd7 15. Qf3 Nf4
16. Bxe6 fxe6 17. Bxf4 exf4 18. Qe2 O-O-O 19. a3 e5 20. O-O-O Bd4 21. Na2 Rhe8
22. Nb3 Bb6 23. Nc3 a6 24. Rhf1 Kb8 25. Kb1 Qe7 26. Rde1 Bc7 27. f3 Bb6 28. Qd1
Nh5 29. Ne2 Be3 30. Na5 Qc7 31. Nc4 Ba7 32. d4 b5 33. Nd2 Bxd4 34. Nxd4 exd4 35.
Nb3 c5 36. Rf2 Ng3 37. Nd2 Rd7 38. Nf1 Nxf1 39. Rfxf1 Rdd8 40. Qd2 Re6 41. Rh1
Qe7 42. Rd1 Kb7 43. c3 dxc3 44. Qxc3 h5 45. Qd2 h4 46. Qd5+ Kb6 47. Rd2 1/2-1/2

[Event "Eliminacje Strefowe do Mistrzostw Polski Juniorow i Mlodzikow (ZP+WP) C-13"]
[Site "Lazy, Centrum Fala 1"]
[Date "1899-12-30"]
[Round "6.6"]
[White "Labedzki, Kamil"]
[Black "Lesien, Tymoteusz"]
[Result "1-0"]
[WhiteTitle "II"]
[BlackTitle "II"]
[WhiteElo "1128"]
[BlackElo "1356"]

1. e4 c5 2. Nc3 Nc6 3. g3 g6 4. Bg2 Bg7 5. d3 Nf6 6. f4 d6 7. Nf3 Bg4 8. O-O Qb6
9. h3 Bxf3 10. Bxf3 c4+ 11. Kg2 cxd3 12. Qxd3 O-O 13. a3 Rac8 14. Be3 Qd8 15.
g4 b6 16. f5 Ne5 17. Qe2 Qc7 18. g5 Nxf3 19. Rxf3 Nh5 20. Qf2 Qc4 21. f6 exf6
22. gxf6 Nxf6 23. Rxf6 Bxf6 24. Qxf6 Qe6 25. Qh4 d5 26. Bd4 dxe4 27. Nxe4 Rxc2+
28. Kg1 Rfc8 29. Qh6 Rg2+ 30. Kh1 1-0

[Event "Eliminacje Strefowe do Mistrzostw Polski Juniorow i Mlodzikow (ZP+WP) C-13"]
[Site "Lazy, Centrum Fala 1"]
[Date "1899-12-30"]
[Round "6.7"]
[White "Cholewa, Jan"]
[Black "Lakowski, Filip"]
[Result "0-1"]
[WhiteTitle "II"]
[BlackTitle "II"]
[WhiteElo "1243"]
[BlackElo "1279"]

1. e4 c6 2. d4 d5 3. Nc3 dxe4 4. Nxe4 Nd7 5. Nf3 Ngf6 6. Ng3 e6 7. Bf4 c5 8. dxc5
Bxc5 9. Bd6 Qa5+ 10. c3 h5 11. b4 Bxf2+ 12. Kxf2 Qb6+ 13. Qd4 Qxd4+ 14. cxd4 h4
15. Nxh4 Rxh4 16. Ne2 Ne4+ 17. Kf3 Nxd6 18. g3 Rh5 19. Nf4 Rh8 20. g4 b6 21. Ke3
Bb7 22. Rg1 Rxh2 23. Bh3 g5 24. Nh5 Rxh3+ 0-1

[Event "Eliminacje Strefowe do Mistrzostw Polski Juniorow i Mlodzikow (ZP+WP) C-13"]
[Site "Lazy, Centrum Fala 1"]
[Date "1899-12-30"]
[Round "6.8"]
[White "Kolendo, Kajetan"]
[Black "Leszcz, Mateusz"]
[Result "1/2-1/2"]
[WhiteTitle "II"]
[BlackTitle "II"]
[WhiteElo "1360"]
[BlackElo "1003"]

1. e4 b6 2. d4 Bb7 3. Bd3 e6 4. Nf3 c5 5. c3 Nf6 6. Nbd2 d5 7. e5 Nfd7 8. O-O c4
9. Bc2 Be7 10. Re1 b5 11. Nf1 a5 12. Ng3 h5 13. h3 Nc6 14. Bd2 a4 15. Qc1 Qc7
16. Bg5 g6 17. Bxe7 Nxe7 18. Ng5 Rf8 19. Re3 O-O-O 20. Rf3 Nf5 21. Nxf5 exf5 22.
Re3 Rde8 23. e6 Nf6 24. exf7 Rxe3 25. Qxe3 Qd7 26. Re1 Ne4 27. Bxe4 dxe4 28. Rd1
Bd5 29. a3 Bxf7 30. d5 Qd6 31. Nxf7 Rxf7 1/2-1/2

[Event "Eliminacje Strefowe do Mistrzostw Polski Juniorow i Mlodzikow (ZP+WP) C-13"]
[Site "Lazy, Centrum Fala 1"]
[Date "1899-12-30"]
[Round "6.9"]
[White "Swiderski, Milosz"]
[Black "Melerowicz, Dominik"]
[Result "1-0"]
[WhiteTitle "II"]
[BlackTitle "II"]
[WhiteElo "1313"]
[BlackElo "1324"]

1. e4 c5 2. c3 d5 3. exd5 Qxd5 4. Nf3 Bg4 5. Be2 Nc6 6. O-O Nf6 7. d4 cxd4 8. cxd4
e6 9. Nc3 Qh5 10. Bf4 Rd8 11. h3 Nxd4 12. hxg4 Qxg4 13. Bg3 Nxf3+ 14. Bxf3 Qg6
15. Qa4+ Ke7 16. Rad1 Nd5 17. Nxd5+ exd5 18. Rfe1+ 1-0

[Event "Eliminacje Strefowe do Mistrzostw Polski Juniorow i Mlodzikow (ZP+WP) C-13"]
[Site "Lazy, Centrum Fala 1"]
[Date "1899-12-30"]
[Round "6.10"]
[White "Olszewski, Dawid"]
[Black "Malaczek, Franciszek"]
[Result "1-0"]
[WhiteTitle "II"]
[BlackTitle "II"]
[WhiteElo "1166"]
[BlackElo "1188"]

1. e4 c5 2. Bc4 d6 3. Nc3 Nf6 4. f4 Nc6 5. d3 g6 6. Nf3 Bg7 7. O-O a6 8. a4 Bg4
9. h3 Bxf3 10. Qxf3 Nd4 11. Qd1 O-O 12. Ne2 Nxe2+ 13. Qxe2 Nh5 14. Qe1 Qb6 15.
g4 Nf6 16. Qh4 e6 17. Qf2 Rad8 18. Bb3 h5 19. g5 Nd7 20. Be3 Qc7 21. Rab1 b5 22.
f5 Kh8 23. f6 Rb8 24. fxg7+ Kxg7 25. Qe2 Nb6 26. axb5 axb5 27. c4 b4 28. Qf2 Qd7
29. d4 e5 30. dxc5 Nc8 31. cxd6 Nxd6 32. Rbd1 Qxh3 33. Rxd6 h4 34. Rf6 Rb7 35.
c5 Qg4+ 36. Qg2 Qh5 37. Bd1 Qh8 38. Qh2 Re7 39. c6 h3 40. Bc5 Qh4 41. Bxe7 Qxg5+
42. Kh1 Qe3 43. Bxf8+ Kxf8 44. Rxf7+ Kg8 45. Qxe5 Qg1+ 46. Rxg1 h2 47. Qg7# 1-0

[Event "Eliminacje Strefowe do Mistrzostw Polski Juniorow i Mlodzikow (ZP+WP) C-13"]
[Site "Lazy, Centrum Fala 1"]
[Date "1899-12-30"]
[Round "7.1"]
[White "Kuczynski, Michal"]
[Black "Bury, Milosz"]
[Result "1-0"]
[WhiteTitle "II"]
[BlackTitle "II"]
[WhiteElo "1279"]
[BlackElo "1326"]

1. d4 d5 2. c4 e6 3. Nc3 c5 4. Nf3 Nc6 5. e3 Nf6 6. cxd5 exd5 7. Bb5 Be6 8. Ne5
Qc7 9. Qa4 Rc8 10. Qxa7 cxd4 11. Bxc6+ bxc6 12. Qxc7 Rxc7 13. exd4 Bd6 14. Nd3
O-O 15. O-O Bf5 16. Bf4 Bxf4 17. Nxf4 Rb8 18. b3 g5 19. Nh3 h6 20. f3 c5 21. dxc5
Rxc5 22. Na4 Rc2 23. Rf2 Rbc8 24. Rxc2 Rxc2 25. Nf2 Rd2 26. Kf1 d4 27. Nc5 Nd5
28. g4 Bc8 29. a3 Ne3+ 30. Kg1 f5 31. h3 f4 32. b4 Re2 33. a4 Nc2 34. Rb1 Kf7
35. a5 Re1+ 36. Rxe1 Nxe1 37. Kf1 Nxf3 38. Nfe4 Ne5 39. Nd6+ 1-0

[Event "Eliminacje Strefowe do Mistrzostw Polski Juniorow i Mlodzikow (ZP+WP) C-13"]
[Site "Lazy, Centrum Fala 1"]
[Date "1899-12-30"]
[Round "7.2"]
[White "Wittych, Maciej"]
[Black "Zeissel, Andrzej"]
[Result "0-1"]
[WhiteTitle "II"]
[BlackTitle "II"]
[WhiteElo "1241"]
[BlackElo "1327"]

1. e4 e5 2. Nf3 Nc6 3. Bb5 a6 4. Ba4 Nf6 5. c3 b5 6. Bc2 Be7 7. O-O O-O 8. Re1
d5 9. exd5 Nxd5 10. Nxe5 Nxe5 11. Rxe5 c6 12. d4 Bd6 13. Re1 Qh4 14. g3 Qh3 15.
Be4 Bg4 16. Qd3 Rae8 17. Be3 f5 18. Bg2 Qh5 19. Bxd5+ cxd5 20. f4 g5 21. Nd2 gxf4
22. Bxf4 Bxf4 23. gxf4 Kh8 24. Re3 Be2 25. Rh3 Rg8+ 26. Kh1 Bxd3 27. Rxh5 Re2
28. Nf3 Be4 29. Rh3 Rf2 30. Rg3 Bxf3+ 31. Kg1 Rg2+ 32. Kf1 R8xg3 33. hxg3 Rxb2
34. a4 Be2+ 35. Kg1 bxa4 36. Rxa4 Rb3 37. Rb4 Rxb4 38. cxb4 Kg7 39. Kf2 Bc4 40.
Kg1 Kf6 41. Kf2 Ke6 42. Ke3 h5 43. Kd2 Kd6 44. Kc3 Kc6 45. Kb2 Kb5 46. Ka3 Ba2
47. Kxa2 Kxb4 48. Kb2 Kc4 49. Kc2 Kxd4 50. Kd2 a5 51. g4 hxg4 52. Kc2 g3 53. Kd2
g2 54. Ke2 g1=Q 55. Kf3 Qg4+ 56. Kf2 Kd3 57. Kf1 Ke3 58. Ke1 Qg1# 0-1

[Event "Eliminacje Strefowe do Mistrzostw Polski Juniorow i Mlodzikow (ZP+WP) C-13"]
[Site "Lazy, Centrum Fala 1"]
[Date "1899-12-30"]
[Round "7.3"]
[White "Walkowski, Tobiasz"]
[Black "Drzewiecki, Milosz"]
[Result "1-0"]
[WhiteTitle "II"]
[BlackTitle "II"]
[WhiteElo "1184"]
[BlackElo "1210"]

1. e4 Nc6 2. Nf3 e5 3. Bb5 Bc5 4. O-O d6 5. h3 Nf6 6. Re1 O-O 7. c3 Be6 8. d4 exd4
9. cxd4 Bb4 10. Bd2 Bxd2 11. Nbxd2 Bd7 12. Nb3 Re8 13. Qd3 Nb4 14. Qc4 Bxb5 15.
Qxb4 Ba6 16. e5 dxe5 17. dxe5 Nd7 18. Rad1 b6 19. Qa4 Bc8 20. Qc6 Rb8 21. e6 fxe6
22. Rxe6 Rxe6 23. Qxe6+ Kh8 24. Ne5 Rb7 25. Nf7+ Kg8 26. Nxd8+ Kf8 27. Qf7# 1-0

[Event "Eliminacje Strefowe do Mistrzostw Polski Juniorow i Mlodzikow (ZP+WP) C-13"]
[Site "Lazy, Centrum Fala 1"]
[Date "1899-12-30"]
[Round "7.4"]
[White "Lakowski, Filip"]
[Black "Labedzki, Kamil"]
[Result "1-0"]
[WhiteTitle "II"]
[BlackTitle "II"]
[WhiteElo "1279"]
[BlackElo "1128"]

1. e4 e5 2. Nf3 Nc6 3. Bc4 Nf6 4. d3 h6 5. c3 d6 6. h3 Be7 7. Nbd2 O-O 8. Bb3 Be6
9. O-O Qd7 10. Re1 Nh5 11. Nxe5 Nxe5 12. Qxh5 Nxd3 13. Re3 Nf4 14. Qf3 Bg5 15.
Re1 Ng6 16. Qd3 Nf4 17. Qf3 Ng6 18. Nf1 Bxb3 19. axb3 Bxc1 20. Raxc1 Ne5 21. Qe3
Qb5 22. c4 Qc5 23. Red1 Rfe8 24. Rd5 Qxe3 25. Nxe3 Nc6 26. f3 Re5 27. Rxe5 Nxe5
28. Nd5 c6 29. Ne7+ Kf8 30. Nf5 Rd8 31. Rd1 d5 32. exd5 cxd5 33. cxd5 Nd7 34.
d6 Nb6 35. Kf2 Nc8 36. Kg3 g6 37. Nxh6 f5 38. Kf4 Kg7 39. Kg5 Nxd6 40. Rc1 Rd7
41. Re1 Nf7+ 42. Nxf7 Kxf7 43. Re2 Rd3 44. b4 Rb3 45. Rc2 Rxb4 46. Rc7+ Ke6 47.
Rc2 Kf7 48. h4 a5 49. Rc7+ Ke6 50. g4 Rxb2 51. Kxg6 fxg4 52. fxg4 a4 53. h5 a3
54. Rc1 a2 55. Ra1 b5 56. h6 b4 57. h7 Rh2 58. Rxa2 Rh4 59. Ra8 b3 60. h8=Q 1-0

[Event "Eliminacje Strefowe do Mistrzostw Polski Juniorow i Mlodzikow (ZP+WP) C-13"]
[Site "Lazy, Centrum Fala 1"]
[Date "1899-12-30"]
[Round "7.5"]
[White "Pietras, Igor"]
[Black "Katny, Samuel"]
[Result "0-1"]
[WhiteTitle "II"]
[BlackTitle "II"]
[WhiteElo "1312"]
[BlackElo "1387"]

1. e4 e5 2. Nf3 Nc6 3. Bc4 Bc5 4. c3 Nf6 5. d4 exd4 6. cxd4 Bb4+ 7. Bd2 Bxd2+ 8.
Nbxd2 d6 9. h3 O-O 10. O-O Qe7 11. Re1 Qd8 12. Bb3 Ne7 13. Qe2 Ng6 14. Rad1 Nh5
15. Qc4 c6 16. d5 c5 17. e5 b6 18. e6 Nf6 19. Ng5 fxe6 20. Nxe6 Bxe6 21. dxe6
Qe7 22. Nf3 Ne8 23. Qd5 Rd8 24. Qg5 Nc7 25. Bc2 Rf6 26. Nh4 Nxe6 27. Nxg6 hxg6
28. Bb3 Rd7 29. Qg4 d5 30. Bxd5 Rd6 31. Bxe6+ Rdxe6 32. Rxe6 Rxe6 33. Qc4 Kh7
34. Qa4 Re1+ 35. Rxe1 Qxe1+ 36. Kh2 Qxf2 37. Qxa7 Qxb2 38. Qc7 Qb4 39. Qg3 Qd4
40. Qe1 c4 41. Qb4 Qc5 42. Qc3 b5 43. a3 Qd6+ 44. Kg1 Qd1+ 45. Kf2 Qd5 46. Qb4
Qd4+ 47. Ke2 Qd3+ 48. Kf2 c3 49. Qh4+ Kg8 50. Qb4 c2 51. Qe1 Qd1 52. Qe6+ Kh7
53. Qc6 0-1

[Event "Eliminacje Strefowe do Mistrzostw Polski Juniorow i Mlodzikow (ZP+WP) C-13"]
[Site "Lazy, Centrum Fala 1"]
[Date "1899-12-30"]
[Round "7.6"]
[White "Garwacki, Kornel"]
[Black "Rosenfeld, Noe"]
[Result "1-0"]
[WhiteTitle "II"]
[BlackTitle "II"]
[WhiteElo "1166"]
[BlackElo "1338"]

1. e4 c5 2. Nf3 d6 3. d4 cxd4 4. Nxd4 Nf6 5. Nc3 a6 6. Be3 e5 7. Nb3 Be6 8. f3
h5 9. Qd2 Be7 10. Nd5 Bxd5 11. exd5 Nbd7 12. Na5 Qc7 13. Be2 Rc8 14. c4 Nb6 15.
O-O O-O 16. Rac1 Bd8 17. b4 Nbd7 18. a4 Re8 19. Kh1 Qb8 20. Nb3 b6 21. Rb1 b5
22. cxb5 Nb6 23. Bxb6 Qxb6 24. bxa6 Be7 25. Na5 Qd4 26. Qxd4 exd4 27. Bc4 Bd8
28. Nc6 Re3 29. Rb3 Nxd5 30. Bxd5 Rxb3 31. Bxb3 Rxc6 32. b5 Rc3 33. Bd5 Bb6 34.
a5 d3 35. axb6 d2 36. Rd1 Re3 37. h3 Re1+ 38. Kh2 Rxd1 39. Bb3 Rb1 40. b7 Rxb3
41. b8=Q+ Kh7 42. Qxd6 Rb2 43. a7 Ra2 44. b6 Ra6 45. Qxd2 1-0

[Event "Eliminacje Strefowe do Mistrzostw Polski Juniorow i Mlodzikow (ZP+WP) C-13"]
[Site "Lazy, Centrum Fala 1"]
[Date "1899-12-30"]
[Round "7.7"]
[White "Leszcz, Mateusz"]
[Black "Swiderski, Milosz"]
[Result "1-0"]
[WhiteTitle "II"]
[BlackTitle "II"]
[WhiteElo "1003"]
[BlackElo "1313"]

1. e4 d5 2. exd5 Qxd5 3. Nc3 Qd6 4. d4 Nf6 5. Nf3 Bf5 6. Be3 e6 7. Bc4 c6 8. Ne5
Be7 9. Bf4 O-O 10. Bb3 Rd8 11. Ng6 Qd7 12. Nxe7+ Qxe7 13. O-O Na6 14. Ne2 Nc7
15. c3 Bg6 16. Re1 Ncd5 17. Be5 Ng4 18. Bg3 h5 19. Nf4 Nxf4 20. Bxf4 Qf6 21. Qc1
Re8 22. h3 e5 23. Bg3 h4 24. Bxh4 Qxh4 25. hxg4 Qxg4 26. Rxe5 Rxe5 27. dxe5 Re8
28. Qe3 Qe4 29. Qxe4 Bxe4 30. Re1 Bd5 31. Bxd5 cxd5 32. f4 f6 33. Kf2 fxe5 34.
Rxe5 Rxe5 35. fxe5 Kf7 36. Ke3 Ke6 37. Kd4 b6 38. a4 a6 39. b4 g5 40. g4 a5 41.
b5 Ke7 42. Kxd5 Kd7 43. c4 Ke7 44. e6 Kd8 45. Kd6 Kc8 46. e7 Kb7 47. e8=Q Ka7
48. Qd7+ Ka8 49. Kc6 Kb8 50. Qb7# 1-0

[Event "Eliminacje Strefowe do Mistrzostw Polski Juniorow i Mlodzikow (ZP+WP) C-13"]
[Site "Lazy, Centrum Fala 1"]
[Date "1899-12-30"]
[Round "7.8"]
[White "Lesien, Tymoteusz"]
[Black "Olszewski, Dawid"]
[Result "1/2-1/2"]
[WhiteTitle "II"]
[BlackTitle "II"]
[WhiteElo "1356"]
[BlackElo "1166"]

1. d4 f5 2. c4 Nf6 3. Nc3 e6 4. Nf3 Bb4 5. Bg5 b6 6. a3 Bxc3+ 7. bxc3 O-O 8. e3
Bb7 9. Be2 d6 10. O-O Nbd7 11. Qb3 Re8 12. Rad1 h6 13. Bxf6 Nxf6 14. c5 Ne4 15.
cxd6 cxd6 16. Bc4 Qf6 17. a4 Qg6 18. Nh4 Qf6 19. g3 g5 20. Ng2 d5 21. Bd3 Rac8
22. Bxe4 dxe4 23. a5 Bd5 24. Qb4 Rc4 25. Qb5 Rec8 26. axb6 axb6 27. Qxb6 Rxc3
28. Qa5 Qe7 29. Ra1 Qc7 30. Qxc7 R3xc7 31. Rfb1 Kf7 32. Ne1 Kf6 33. Kf1 Kg6 34.
Kg2 Rc3 35. Rd1 Kh5 36. Kh3 Bc4 37. Kg2 Bd5 38. Kh3 Kg6 39. Kg2 Kf6 40. Kf1 Kg6
41. Kg2 Kh5 42. Kh3 Kg6 1/2-1/2

[Event "Eliminacje Strefowe do Mistrzostw Polski Juniorow i Mlodzikow (ZP+WP) C-13"]
[Site "Lazy, Centrum Fala 1"]
[Date "1899-12-30"]
[Round "7.9"]
[White "Melerowicz, Dominik"]
[Black "Kolendo, Kajetan"]
[Result "0-1"]
[WhiteTitle "II"]
[BlackTitle "II"]
[WhiteElo "1324"]
[BlackElo "1360"]

1. e4 e6 2. d4 d5 3. Nc3 dxe4 4. Nxe4 Nd7 5. Nf3 Ngf6 6. Bd3 Nxe4 7. Bxe4 Nf6 8.
Bd3 c5 9. O-O cxd4 10. Bb5+ Bd7 11. Bxd7+ Qxd7 12. Nxd4 Bc5 13. Nb3 Bb6 14. Bg5
Qe7 15. Qf3 O-O 16. Rad1 h6 17. Bxf6 Qxf6 18. Qxf6 gxf6 19. Rd7 Rab8 20. Rfd1
Rfd8 21. Nc5 Rdc8 22. Ne4 Rxc2 23. Nxf6+ Kg7 24. Nh5+ Kf8 25. R7d2 Rbc8 26. Kf1
Ba5 27. b4 Bxb4 28. Rd8+ Rxd8 29. Rxd8+ Ke7 30. Rh8 Rxa2 31. Rxh6 a5 32. h4 a4
33. Ng3 a3 34. h5 0-1

[Event "Eliminacje Strefowe do Mistrzostw Polski Juniorow i Mlodzikow (ZP+WP) C-13"]
[Site "Lazy, Centrum Fala 1"]
[Date "1899-12-30"]
[Round "7.10"]
[White "Malaczek, Franciszek"]
[Black "Cholewa, Jan"]
[Result "1-0"]
[WhiteTitle "II"]
[BlackTitle "II"]
[WhiteElo "1188"]
[BlackElo "1243"]

1. e4 e5 2. Nf3 Nc6 3. Bc4 Bc5 4. Nc3 Nf6 5. d3 h6 6. h3 d6 7. O-O Be6 8. Bxe6
fxe6 9. Re1 O-O 10. Na4 Bb6 11. Nxb6 axb6 12. Be3 Qe8 13. Qd2 Qg6 14. Nh2 Nh5
15. b4 Nf4 16. Bxf4 exf4 17. f3 e5 18. c3 Qf7 19. b5 Ne7 20. c4 Ra3 21. Red1 Rfa8
22. Qb2 Ng6 23. Rd2 Nf8 24. Rdd1 Ne6 25. Ng4 Nc5 26. Nf2 R8a4 27. Qc2 Nb3 28.
Qxb3 Rxb3 29. axb3 Rxa1 30. Rxa1 Qd7 31. Ra8+ Kf7 32. Rb8 c6 33. Rh8 cxb5 34.
Ng4 bxc4 35. bxc4 Qc6 36. Rb8 h5 37. Nf2 Qc7 38. Rh8 g6 39. Rh7+ 1-0

[Event "Eliminacje Strefowe do Mistrzostw Polski Juniorow i Mlodzikow (ZP+WP) C-13"]
[Site "Lazy, Centrum Fala 1"]
[Date "1899-12-30"]
[Round "8.1"]
[White "Zeissel, Andrzej"]
[Black "Kuczynski, Michal"]
[Result "1/2-1/2"]
[WhiteTitle "II"]
[BlackTitle "II"]
[WhiteElo "1327"]
[BlackElo "1279"]

1. e4 c6 2. d4 d5 3. exd5 cxd5 4. Bd3 Nc6 5. c3 g6 6. Bf4 Bg7 7. Nf3 Nf6 8. Nbd2
O-O 9. O-O Bf5 10. Bxf5 gxf5 11. Ne5 e6 12. Re1 Kh8 13. h3 Nxe5 14. Bxe5 Rg8 15.
Kh1 Ne4 16. Nxe4 fxe4 17. Qh5 Bxe5 18. Qxe5+ Rg7 19. Re3 Qg5 20. Qxg5 Rxg5 21.
g4 Rag8 22. Rg3 f5 23. Rag1 f4 24. R3g2 h5 25. gxh5 Rxg2 26. Rxg2 Rxg2 27. Kxg2
Kg7 28. b3 b5 29. b4 Kh6 30. h4 Kxh5 31. Kh3 e3 32. fxe3 fxe3 33. Kg3 e2 34. Kf2
Kxh4 35. Kxe2 Kg4 36. Ke3 1/2-1/2

[Event "Eliminacje Strefowe do Mistrzostw Polski Juniorow i Mlodzikow (ZP+WP) C-13"]
[Site "Lazy, Centrum Fala 1"]
[Date "1899-12-30"]
[Round "8.2"]
[White "Bury, Milosz"]
[Black "Lakowski, Filip"]
[Result "0-1"]
[WhiteTitle "II"]
[BlackTitle "II"]
[WhiteElo "1326"]
[BlackElo "1279"]

1. e4 g6 2. d4 Bg7 3. Nf3 d6 4. Bc4 e6 5. c3 Ne7 6. O-O O-O 7. Bf4 Nd7 8. Qd2 e5
9. Bh6 Nc6 10. Bxg7 Kxg7 11. Qc2 Nf6 12. Nbd2 exd4 13. cxd4 d5 14. e5 dxc4 15.
exf6+ Qxf6 16. Qxc4 Rd8 17. Ne4 Be6 18. Qxc6 bxc6 19. Nxf6 Kxf6 20. b3 Bd5 21.
Rac1 Bxf3 22. gxf3 Rd6 23. Rfe1 Rb8 24. Rc4 a5 25. Rc5 Ra8 26. a4 Rb8 27. Re3
Kg7 28. Rxa5 Rxd4 29. Rc5 Rdb4 30. Rcc3 R8b6 31. Kf1 h5 32. Ke2 Rh4 33. Re4 Rxh2
34. Re7 Rh1 35. f4 h4 36. Rxc7 h3 37. Ra7 h2 38. Rh3 Rb8 39. Kf3 Rxb3+ 40. Kg2
Rxh3 41. Kxh1 Rh4 42. a5 Rxf4 43. Kxh2 Rxf2+ 44. Kg3 Ra2 45. a6 c5 46. Rc7 Rxa6
47. Rxc5 f5 48. Kf4 Ra4+ 49. Kg3 Kf6 0-1

[Event "Eliminacje Strefowe do Mistrzostw Polski Juniorow i Mlodzikow (ZP+WP) C-13"]
[Site "Lazy, Centrum Fala 1"]
[Date "1899-12-30"]
[Round "8.3"]
[White "Wittych, Maciej"]
[Black "Walkowski, Tobiasz"]
[Result "1-0"]
[WhiteTitle "II"]
[BlackTitle "II"]
[WhiteElo "1241"]
[BlackElo "1184"]

1. e4 e6 2. d4 d5 3. exd5 exd5 4. Bd3 Bd6 5. Nf3 Ne7 6. O-O O-O 7. c3 Bf5 8. Re1
Bxd3 9. Qxd3 Ng6 10. Nbd2 Nf4 11. Qc2 Nd7 12. Nf1 Qf6 13. Ng3 Qg6 14. Qxg6 hxg6
15. Bxf4 Bxf4 16. Ne2 Bh6 17. Nc1 Rfe8 18. Nd3 f6 19. Nh4 Kf7 20. Kf1 Re4 21.
Nf3 Rae8 22. Nb4 Nb6 23. Ng1 a5 24. Nd3 Nc4 25. Nf3 g5 26. h3 g6 27. g4 Bf8 28.
Kg2 Bd6 29. Kf1 Bf4 30. a4 Bd2 31. Nxd2 Nxd2+ 32. Kg2 Nb3 33. Rad1 Rxe1 34. Nxe1
Re2 35. Nd3 b6 36. Kf3 Re4 37. Ne1 Ke6 38. Nc2 c5 39. dxc5 Nxc5 40. Nd4+ Ke5 41.
b3 Rf4+ 42. Ke3 Ne4 43. Nf3+ Kd6 44. c4 Nc5 45. Rxd5+ Ke6 46. Nd2 Ke7 47. f3 Ke6
48. Rd4 Ke5 49. Ne4 Nb7 50. Rd5+ Ke6 51. Nc3 Nc5 52. Ne2 Nxb3 53. Nxf4+ gxf4+
54. Kxf4 g5+ 55. Ke3 Nc5 56. f4 gxf4+ 57. Kxf4 Nxa4 58. Rb5 1-0

[Event "Eliminacje Strefowe do Mistrzostw Polski Juniorow i Mlodzikow (ZP+WP) C-13"]
[Site "Lazy, Centrum Fala 1"]
[Date "1899-12-30"]
[Round "8.4"]
[White "Katny, Samuel"]
[Black "Drzewiecki, Milosz"]
[Result "0-1"]
[WhiteTitle "II"]
[BlackTitle "II"]
[WhiteElo "1387"]
[BlackElo "1210"]

1. e4 Nc6 2. Nf3 e5 3. Nc3 Bc5 4. Bc4 Nf6 5. d3 h6 6. O-O O-O 7. Na4 Bb6 8. Nxb6
axb6 9. a3 d6 10. h3 Be6 11. Bb5 Ne7 12. b3 Ng6 13. Bc4 d5 14. exd5 Bxd5 15. Bxd5
Qxd5 16. Bb2 Rfe8 17. Re1 Nd7 18. Qd2 Nf4 19. Kh2 Re6 20. Rg1 Rg6 21. Rae1 Rxg2+
22. Rxg2 Qxf3 23. Rg3 Qh5 24. d4 Nf6 25. Qe3 Re8 26. dxe5 Qf5 27. Reg1 N6h5 28.
Rf3 Qxc2 29. Qc3 Qe4 30. Qe3 Qc2 31. Ba1 g5 32. h4 Qf5 33. Qc3 g4 34. e6 fxe6
35. Rfg3 e5 36. Rxg4+ Kh8 37. Qxc7 Nd5 38. Qd6 Ndf6 39. R4g3 Qxf2+ 40. R1g2 Qf4
41. Qd3 Qxh4+ 42. Kg1 Nxg3 43. Rxg3 Ng4 44. Kg2 Rf8 45. Rf3 Qh2+ 46. Kf1 Qh1+
47. Ke2 Qg2+ 48. Ke1 Qxf3 49. Qc4 Qf2+ 50. Kd1 Ne3+ 51. Kc1 Nxc4 0-1

[Event "Eliminacje Strefowe do Mistrzostw Polski Juniorow i Mlodzikow (ZP+WP) C-13"]
[Site "Lazy, Centrum Fala 1"]
[Date "1899-12-30"]
[Round "8.5"]
[White "Leszcz, Mateusz"]
[Black "Garwacki, Kornel"]
[Result "1/2-1/2"]
[WhiteTitle "II"]
[BlackTitle "II"]
[WhiteElo "1003"]
[BlackElo "1166"]

1. e4 e5 2. Nf3 Nc6 3. Bc4 Nf6 4. d3 Bc5 5. Nc3 d6 6. h3 Be6 7. Bb3 Qd7 8. Be3
Bb4 9. O-O O-O-O 10. a3 Ba5 11. Bxe6 fxe6 12. b4 Bb6 13. Na4 Nd4 14. Nxb6+ axb6
15. Nxd4 exd4 16. Bxd4 e5 17. Be3 Rhf8 18. f4 exf4 19. Rxf4 Rde8 20. Bd4 Re6 21.
Bxf6 Rexf6 22. Rxf6 Rxf6 23. Qe2 Qf7 24. c4 c6 25. Rf1 Kc7 26. d4 Kd7 27. a4 h6
28. b5 Qe7 29. Rf3 Re6 30. Re3 Kc7 31. Kf2 Qh4+ 32. Kf1 Re7 33. Qf2 Qg5 34. Ke2
Qg6 35. Qf3 Rf7 36. Qg3 Qh5+ 37. Kd3 Qd1+ 1/2-1/2

[Event "Eliminacje Strefowe do Mistrzostw Polski Juniorow i Mlodzikow (ZP+WP) C-13"]
[Site "Lazy, Centrum Fala 1"]
[Date "1899-12-30"]
[Round "8.6"]
[White "Kolendo, Kajetan"]
[Black "Labedzki, Kamil"]
[Result "1/2-1/2"]
[WhiteTitle "II"]
[BlackTitle "II"]
[WhiteElo "1360"]
[BlackElo "1128"]

1. e4 e5 2. Nf3 Nc6 3. Bc4 Nf6 4. d3 d6 5. c3 Be6 6. Bb3 h6 7. O-O Qd7 8. Nbd2
Be7 9. d4 exd4 10. cxd4 Bg4 11. Ba4 d5 12. e5 Ne4 13. Qc2 Nxd2 14. Nxd2 O-O 15.
Nb3 Qe6 16. Be3 Bf5 17. Qe2 Nb4 18. Qd2 Qg6 19. Kh1 Bd3 20. Rfd1 b5 21. Nc1 Bc2
22. Bxc2 Nxc2 23. Nd3 Nxa1 24. Rxa1 f6 25. Rc1 fxe5 26. Nxe5 Qh5 27. Rxc7 Bd6
28. Rd7 Bxe5 29. dxe5 Qf5 30. Qxd5+ Kh8 31. Qd1 Rad8 1/2-1/2